000
00287nam a22001337a 4500
008
171220b xxu||||| |||| 00| 0 eng d
020
_a
9781405104371
041
_a
eng
080
_a
61
100
_a
4
101
_a
SHM
245
_a
FAMILY MEDICINE
_c
MALDONADO.D.C
942
_2
udc
_c
BK
999
_c
39216
_d
39216